[Event "IsBank TCh-TUR"]
[Site "Konya TUR"]
[Date "2010.06.30"]
[Round "3"]
[White "Gaponenko,I"]
[Black "Ushenina,A"]
[Result "1/2-1/2"]
[WhiteElo "2465"]
[BlackElo "2468"]
[EventDate "2010.06.29"]

1. e4 c6 2. d4 d5 3. exd5 cxd5 4. c4 Nf6 5. Nc3 e6 6. Nf3 Bb4 7. cxd5 Nxd5
8. Qc2 Nc6 9. a3 Be7 10. Bd3 Bf6 11. O-O h6 12. Rd1 O-O 13. Be4 Nce7 14.
Qe2 Bd7 15. Bxd5 Nxd5 16. Nxd5 exd5 17. Ne5 Ba4 18. Re1 Re8 19. Bf4 Qb6 20.
Qd2 Rac8 21. Rac1 a6 22. Be3 Be7 23. Rxc8 Rxc8 24. Rc1 Rxc1+ 25. Qxc1 Qd8
26. Bf4 Be8 27. h3 f6 28. Nd3 Bb5 29. Nc5 Bxc5 30. Qxc5 1/2-1/2

[Event "IsBank TCh-TUR"]
[Site "Konya TUR"]
[Date "2010.06.30"]
[Round "3"]
[White "Sirin,A"]
[Black "Okay,I"]
[Result "1-0"]
[WhiteElo "2250"]
[BlackElo "1865"]
[EventDate "2010.06.29"]

1. d4 Nf6 2. Nf3 g6 3. g3 Bg7 4. Bg2 O-O 5. O-O d6 6. c4 Nc6 7. Nc3 a6 8.
a3 Rb8 9. Qc2 e5 10. dxe5 dxe5 11. Bg5 Nd4 12. Nxd4 exd4 13. Rad1 h6 14.
Bxf6 Qxf6 15. Nd5 Qd8 16. e3 dxe3 17. Nxe3 Qg5 18. b4 Be6 19. f4 Qe7 20. f5
gxf5 21. Nxf5 Qg5 22. Nxg7 Qxg7 23. c5 b6 24. c6 Rbd8 25. Qe4 Qg5 26. Bf3
Bb3 27. Rde1 Be6 28. Rd1 Bb3 29. Rde1 Be6 30. Rf2 Rd6 31. h4 Qg6 32. Qxg6+
fxg6 33. Rxe6 Rxf3 34. Rxd6 1-0

[Event "IsBank TCh-TUR"]
[Site "Konya TUR"]
[Date "2010.06.30"]
[Round "3"]
[White "Okay,A"]
[Black "Sanal,V"]
[Result "1-0"]
[WhiteElo "1852"]
[BlackElo "2106"]
[EventDate "2010.06.29"]

1. e4 e5 2. Nf3 Nc6 3. Bb5 a6 4. Ba4 Nf6 5. d3 b5 6. Bb3 Be7 7. O-O d6 8.
c3 O-O 9. Nbd2 Na5 10. Bc2 c5 11. Re1 Nc6 12. Nf1 h6 13. Ng3 Re8 14. h3 Be6
15. Nh2 Qc7 16. Ng4 d5 17. Nxf6+ Bxf6 18. Qf3 dxe4 19. dxe4 Be7 20. Be3 Bf8
21. Red1 g6 22. Rd2 b4 23. cxb4 Nxb4 24. Ba4 Red8 25. a3 Nc6 26. Bxc6 Qxc6
27. Rad1 Rdb8 28. Qf6 Qc7 29. f4 Be7 30. Qxe5 Qxe5 31. fxe5 Rb3 32. Nf1
Rab8 33. Rc1 c4 34. Bd4 Bg5 35. Bc3 Bxd2 36. Nxd2 R3b7 37. Nf3 Bd7 38. Nd4
Be8 39. Nc2 a5 40. Ne3 Bc6 41. Nxc4 Rd7 42. Nxa5 Bxe4 43. Nc4 Rdb7 44. a4
Rc7 45. Nd6 Bd5 46. Rd1 Bb3 47. Rd4 Rc5 48. Ne4 Rc4 49. Nf6+ Kg7 50. Rxc4
Bxc4 51. e6 Rb7 52. e7 Rxe7 53. Nd5+ Kf8 54. Bg7+ Kxg7 55. Nxe7 Kf6 56. Nc6
Ke6 57. b4 Kd6 58. Nd4 Kd5 59. Nf3 Bb3 60. a5 Bc4 61. Kf2 Ba6 62. Ke3 f6
63. Nh4 g5 64. Nf5 Kc4 65. Nxh6 Kxb4 66. Ng8 f5 67. Nh6 f4+ 68. Kf3 Bb7+
69. Kf2 Kxa5 70. Nf7 Kb6 71. Nxg5 Kc7 72. Ne6+ Kd6 73. Nxf4 Ke5 74. Ne2 Kf5
75. g4+ Kg5 76. Kg3 Kf6 77. Kf4 Ba6 78. Nd4 Bd3 79. h4 Bc4 80. g5+ Kg6 81.
Kg4 Bf7 82. h5+ Kh7 83. Ne2 Be6+ 84. Kf3 Bd5+ 85. Ke3 Bf7 86. Nf4 Bb3 87.
Ke4 Bc2+ 88. Ke5 Kg7 89. Ke6 Bb3+ 90. Ke7 Bc4 91. Ne6+ Kg8 92. g6 Be2 93.
h6 Bd3 94. Kf6 Bb1 95. Ng5 1-0

[Event "IsBank TCh-TUR"]
[Site "Konya TUR"]
[Date "2010.06.30"]
[Round "3"]
[White "Patel,Y"]
[Black "Sahin,Handenur"]
[Result "1/2-1/2"]
[WhiteElo "1782"]
[BlackElo "1656"]
[EventDate "2010.06.29"]

1. e4 e5 2. Nf3 Nf6 3. Nxe5 d6 4. Nf3 Nxe4 5. d4 d5 6. Bd3 Bd6 7. O-O O-O
8. c4 c6 9. cxd5 cxd5 10. Nc3 Nxc3 11. bxc3 Bg4 12. h3 Bh5 13. Rb1 b6 14.
c4 dxc4 15. Be4 Nd7 16. Bxa8 Qxa8 17. Rb5 Bg6 18. Ne5 Nxe5 19. dxe5 Bc5 20.
Qg4 a6 21. Rb2 Qe4 22. Qxe4 Bxe4 23. Re1 Bd3 24. Be3 Bxe3 25. Rxe3 b5 26.
f4 Rc8 27. Re1 Rb8 28. a3 a5 29. Ra1 g6 30. Kf2 b4 31. axb4 axb4 32. Rc1 b3
33. Ke3 Ra8 34. Kd4 Ra4 35. Kc3 Kf8 36. g3 1/2-1/2

[Event "IsBank TCh-TUR"]
[Site "Konya TUR"]
[Date "2010.06.30"]
[Round "3"]
[White "Ari,Z"]
[Black "Pantsulaia,L"]
[Result "0-1"]
[WhiteElo "2184"]
[BlackElo "2587"]
[EventDate "2010.06.29"]

1. d4 Nf6 2. c4 c5 3. Nf3 e6 4. g3 cxd4 5. Nxd4 Qc7 6. b3 e5 7. Nb5 Qc6 8.
Rg1 d5 9. Bg2 Bc5 10. Bxd5 Qb6 11. e3 O-O 12. N5c3 Bg4 13. Qc2 Nc6 14. a3
Be7 15. Nd2 Rad8 16. Nde4 Nxd5 17. Nxd5 Rxd5 18. cxd5 Qa5+ 19. Qd2 Nb4 20.
d6 Nd3+ 21. Kf1 Qd5 22. f3 Bxd6 23. Nf2 Rd8 24. Qc2 Bc5 0-1

[Event "IsBank TCh-TUR"]
[Site "Konya TUR"]
[Date "2010.06.30"]
[Round "3"]
[White "Erbis,B"]
[Black "Kanli,K"]
[Result "1-0"]
[WhiteElo "1950"]
[BlackElo "1939"]
[EventDate "2010.06.29"]

1. e4 e5 2. Nf3 Nc6 3. Bb5 a6 4. Ba4 Nf6 5. d3 b5 6. Bb3 Be7 7. c3 O-O 8.
Nbd2 d6 9. Nf1 Na5 10. Bc2 c5 11. Ng3 Nc6 12. O-O h6 13. h3 Be6 14. Nh2 d5
15. Qf3 Re8 16. Nf5 Bf8 17. Ng4 Nxg4 18. hxg4 dxe4 19. dxe4 Ra7 20. g3 Be7
21. Kg2 Bg5 22. Be3 Bxe3 23. Qxe3 c4 24. Rad1 Rd7 25. Rxd7 Bxd7 26. Rd1 Qc7
27. g5 Bxf5 28. exf5 hxg5 29. Qxg5 f6 30. Qh5 Rd8 31. Rh1 Ne7 32. Bd1 Kf8
33. Qg4 Ng8 34. Qe4 Nh6 35. Bh5 Qd7 36. Rd1 Qc8 37. Rxd8+ Qxd8 38. Qb7 Kg8
39. Qxa6 Qd5+ 40. Kh2 Nf7 41. Qe6 Qb7 42. Qe8+ 1-0

[Event "IsBank TCh-TUR"]
[Site "Konya TUR"]
[Date "2010.06.30"]
[Round "3"]
[White "Zeytinoglu,N"]
[Black "Yargici,M"]
[Result "1-0"]
[WhiteElo "1927"]
[BlackElo "1822"]
[EventDate "2010.06.29"]

1. e4 e5 2. Nf3 Nc6 3. Bb5 a6 4. Ba4 Nf6 5. O-O Be7 6. Re1 b5 7. Bb3 O-O 8.
h3 d6 9. c3 Na5 10. Bc2 c5 11. d4 Qc7 12. Nbd2 cxd4 13. cxd4 Bd7 14. Nf1
Rac8 15. Ne3 Rfe8 16. Bd2 Bd8 17. Rc1 Qb7 18. d5 Nc4 19. Nxc4 Rxc4 20. b3
Rc8 21. Nh2 Qb6 22. Nf1 Qd4 23. Bb1 Bb6 24. Be3 Qxd1 25. Rexd1 Bxe3 26.
Nxe3 Kf8 27. Bd3 Ke7 28. f3 Rxc1 29. Rxc1 Rc8 30. Rxc8 Bxc8 31. b4 Kd8 32.
Kf2 Kc7 33. a3 g6 34. Ke1 Kb6 35. Kf2 Kc7 36. Nd1 Nd7 37. Nc3 Nb6 38. Ke1
Kd8 39. Nd1 Ke7 40. Ne3 Kf6 41. h4 Ke7 42. Kd2 Kd8 43. Bc2 Kc7 44. Bd3 Nd7
45. Ke1 Nf6 46. Kf2 Nh5 47. Bc2 Kd8 48. g3 Nf6 49. Bd3 Kc7 50. Nd1 Ng8 51.
Ne3 Nh6 52. g4 Ng8 53. Nf1 Ne7 54. Ng3 Bd7 55. h5 f6 56. Be2 Kd8 57. hxg6
hxg6 58. Ke3 Ke8 59. Bd1 f5 60. gxf5 gxf5 61. Nf1 Kf7 62. Nd2 Kf6 63. f4
exf4+ 64. Kxf4 Ng6+ 65. Ke3 f4+ 66. Kd4 Ne5 67. Be2 Kg5 68. Nf3+ Nxf3+ 69.
Bxf3 1-0

[Event "IsBank TCh-TUR"]
[Site "Konya TUR"]
[Date "2010.06.30"]
[Round "3"]
[White "Danelia,M"]
[Black "Firat,Deniz"]
[Result "1-0"]
[WhiteElo "2203"]
[BlackElo "1621"]
[EventDate "2010.06.29"]

1. d4 Nf6 2. c4 e6 3. Nc3 Bb4 4. Qc2 Nc6 5. Nf3 O-O 6. a3 Bxc3+ 7. Qxc3 d6
8. Bg5 d5 9. e3 Qe7 10. Bd3 h6 11. Bh4 a5 12. O-O a4 13. Rac1 Bd7 14. Ne5
Rfc8 15. Qc2 Na5 16. c5 Qe8 17. Qe2 Bc6 18. f4 Ne4 19. f5 exf5 20. Rxf5 f6
21. Bxe4 dxe4 22. Rxf6 Kh7 23. Qg4 h5 24. Qf5+ Kg8 25. Rg6 1-0

[Event "IsBank TCh-TUR"]
[Site "Konya TUR"]
[Date "2010.06.30"]
[Round "3"]
[White "Kozhuharov,S"]
[Black "Gelashvili,T"]
[Result "1/2-1/2"]
[WhiteElo "2404"]
[BlackElo "2614"]
[EventDate "2010.06.29"]

1. d4 Nf6 2. c4 e6 3. Nf3 Nc6 4. Nc3 Bb4 5. Qc2 d6 6. Bg5 h6 7. Bd2 O-O 8.
O-O-O e5 9. dxe5 Ng4 10. Be1 Ngxe5 11. e3 Be6 12. a3 Bxc3 13. Bxc3 Qe7 14.
Nxe5 dxe5 15. Be2 a5 16. Qa4 Bd7 17. Qc2 Rfd8 18. Bf3 Nb4 19. Qb1 Qc5 20.
b3 Nc6 21. Kb2 Be6 22. Be2 Re8 23. g4 Ra6 24. Qe4 Rf8 25. Rhg1 Rb6 26. h4
f6 27. f4 a4 28. b4 Nxb4 29. axb4 Rxb4+ 30. Bxb4 Qxb4+ 31. Kc2 1/2-1/2

[Event "IsBank TCh-TUR"]
[Site "Konya TUR"]
[Date "2010.06.30"]
[Round "3"]
[White "Arduman,C"]
[Black "Korkmaz,N"]
[Result "1-0"]
[WhiteElo "2335"]
[BlackElo "2199"]
[EventDate "2010.06.29"]

1. d4 d5 2. c4 c6 3. Nf3 Nf6 4. e3 e6 5. Bd3 Nbd7 6. O-O Bd6 7. Nc3 O-O 8.
e4 dxe4 9. Nxe4 Nxe4 10. Bxe4 h6 11. Bc2 e5 12. Re1 exd4 13. Qxd4 Bc5 14.
Qc3 a5 15. a3 Nf6 16. h3 Bb4 17. Qb3 Bxe1 18. Nxe1 Re8 19. Be3 Qe7 20. Nf3
Be6 21. Qc3 b5 22. b3 b4 23. Qb2 a4 24. bxa4 bxa3 25. Qc3 Reb8 26. Ne5 Ra6
27. Nd3 Nd7 28. c5 Nf6 29. Nb4 Rxb4 30. Qxb4 a2 31. Bb3 Nd5 32. Qb8+ Kh7
33. Qe5 Nxe3 34. Qxe3 Ra5 35. Rxa2 Qxc5 36. Qxc5 Rxc5 37. Bxe6 fxe6 38. a5
Rc1+ 39. Kh2 Rb1 40. a6 Rb8 41. Kg3 Kg6 42. Kf4 Kf6 43. Ke4 Ke7 44. Kd4 Kd6
45. Kc4 Ra8 46. f4 Ra7 47. g4 g5 48. f5 exf5 49. gxf5 h5 50. f6 Ke6 51. Kc5
Kxf6 52. Kb6 Ra8 53. Ra5 g4 54. Rxh5 g3 55. Ra5 g2 56. Ra1 Kf5 57. Rg1 Rg8
58. a7 Kf4 59. Rxg2 Rxg2 60. a8=Q Kg3 61. Qc8 Rb2+ 62. Kc5 Rc2+ 63. Kd4 c5+
64. Kd3 Rg2 65. Ke3 Kh2 66. h4 Rg3+ 67. Kf4 Rg7 68. h5 1-0

[Event "IsBank TCh-TUR"]
[Site "Konya TUR"]
[Date "2010.06.30"]
[Round "3"]
[White "Cebelli,O"]
[Black "Dogan,N"]
[Result "1/2-1/2"]
[WhiteElo "2159"]
[BlackElo "2097"]
[EventDate "2010.06.29"]

1. e4 e6 2. d3 c5 3. Nc3 Nc6 4. g3 g6 5. Bg2 Bg7 6. Be3 d6 7. Qd2 Qa5 8.
Nge2 Nd4 9. O-O Ne7 10. Nxd4 cxd4 11. Ne2 Qxd2 12. Bxd2 Nc6 13. f4 Bd7 14.
c4 dxc3 15. Bxc3 Bxc3 16. bxc3 Rc8 17. Kf2 h5 18. h3 h4 19. g4 g5 20. fxg5
Rg8 21. Ke3 Rxg5 22. Rf6 Ne5 23. Rb1 b6 24. Rh6 Ng6 25. Nf4 Rxc3 26. Nxg6
Rxg6 27. Rh8+ Ke7 28. Rb2 Rg5 29. Rxh4 Rgc5 30. Kd2 Ba4 31. Bf3 Rc2+ 32.
Rxc2 Rxc2+ 33. Ke3 Rxa2 34. Rh8 e5 35. g5 Bd7 36. h4 Rh2 37. h5 a5 38. Rb8
Be6 39. Rb7+ Kf8 40. Rxb6 a4 41. Ra6 Bb3 42. h6 f6 43. Ra8+ Kf7 44. Ra7+
Kg8 45. Ra8+ Kf7 46. Ra7+ 1/2-1/2

[Event "IsBank TCh-TUR"]
[Site "Konya TUR"]
[Date "2010.06.30"]
[Round "3"]
[White "Sipahioglu,I"]
[Black "Tulay,B"]
[Result "1/2-1/2"]
[WhiteElo "2057"]
[BlackElo "2163"]
[EventDate "2010.06.29"]

1. d4 Nf6 2. Nf3 e6 3. c4 b6 4. g3 Bb7 5. Bg2 c5 6. d5 exd5 7. Nh4 b5 8.
Nc3 bxc4 9. Nxd5 Bxd5 10. Bxd5 Nxd5 11. Qxd5 Nc6 12. Nf5 Qf6 13. Bf4 Qe6
14. O-O-O Qxd5 15. Rxd5 Nb4 16. Re5+ Kd8 17. Rd1 f6 18. Re4 d5 19. Rxc4 Kc8
20. Rxb4 cxb4 21. Rxd5 a5 22. h4 g6 23. Nd4 Ra6 24. Rb5 Bd6 25. Bxd6 Rxd6
26. e3 Ra6 27. Kc2 Re8 28. Rc5+ Kb7 29. Rb5+ Kc7 30. Rc5+ Kd6 31. Rb5 Rc8+
32. Kd3 Kd7 1/2-1/2

[Event "IsBank TCh-TUR"]
[Site "Konya TUR"]
[Date "2010.06.30"]
[Round "3"]
[White "Sanal,S"]
[Black "Tulay,S"]
[Result "0-1"]
[WhiteElo "1713"]
[BlackElo "1788"]
[EventDate "2010.06.29"]

1. e4 c5 2. Nc3 Nc6 3. g3 d6 4. Bg2 g6 5. d3 Bg7 6. f4 e6 7. Nf3 Nge7 8.
O-O O-O 9. Be3 Nd4 10. e5 Nef5 11. Bf2 Nxf3+ 12. Bxf3 Nd4 13. Bg2 dxe5 14.
fxe5 Bxe5 15. Ne4 f5 16. Nxc5 Qc7 17. b4 Bg7 18. c3 Nb5 19. Rc1 Rb8 20. Qb3
Qf7 21. d4 b6 22. Nd3 Bb7 23. a4 Bxg2 24. Kxg2 Nd6 25. Nf4 Rfe8 26. Rce1
Ne4 27. Re2 Qb7 28. Kg1 Ng5 29. d5 exd5 30. Rxe8+ Rxe8 31. Qxd5+ Qxd5 32.
Nxd5 Re2 33. Rd1 Nh3+ 34. Kf1 Rxf2+ 35. Ke1 Rxh2 36. Ne7+ Kf8 37. Rd7 Bxc3+
38. Kd1 Bxb4 39. Nc6 Bc3 40. Rxa7 Rd2+ 41. Kc1 Nf2 42. Ra8+ Kg7 43. Ra7+
Kf6 44. Ra6 Nd3+ 45. Kb1 Rb2+ 46. Ka1 Rb3+ 47. Ka2 Nc1+ 0-1

[Event "IsBank TCh-TUR"]
[Site "Konya TUR"]
[Date "2010.06.30"]
[Round "3"]
[White "Benzetsel,E"]
[Black "Olcum,A"]
[Result "1-0"]
[WhiteElo "1770"]
[BlackElo "1949"]
[EventDate "2010.06.29"]

1. e4 d6 2. d4 Nf6 3. Nc3 g6 4. Nf3 Bg7 5. h3 O-O 6. Be3 Nbd7 7. e5 Ne8 8.
Qd2 c6 9. h4 Qa5 10. h5 dxe5 11. hxg6 hxg6 12. Bh6 exd4 13. Bxg7 Nxg7 14.
Qh6 Nh5 15. Bc4 Ndf6 16. Qxg6+ Ng7 17. Ng5 Qe5+ 18. Nce4 Be6 19. Qh6 Ngh5
20. Rxh5 Qa5+ 21. c3 1-0

[Event "IsBank TCh-TUR"]
[Site "Konya TUR"]
[Date "2010.06.30"]
[Round "3"]
[White "Borovikov,V"]
[Black "Citak,S"]
[Result "1/2-1/2"]
[WhiteElo "2599"]
[BlackElo "2340"]
[EventDate "2010.06.29"]

1. d4 d5 2. c4 e6 3. Nc3 c5 4. cxd5 exd5 5. Nf3 Nc6 6. g3 Nf6 7. Bg2 Be7 8.
O-O O-O 9. Bg5 c4 10. Ne5 Be6 11. b3 Qa5 12. Bd2 Bb4 13. Nxc6 bxc6 14. Qc2
Qa6 15. Nxd5 Nxd5 16. bxc4 Bd6 17. cxd5 cxd5 18. Bc3 Rfc8 19. Qd2 Rc4 20.
a3 Ra4 21. e4 Rxa3 22. exd5 Bd7 23. Rxa3 Qxa3 24. Ra1 Qb3 25. h4 a6 26. Ba5
Rc8 27. Rc1 Rxc1+ 28. Qxc1 Qb7 29. Qc3 h6 30. Kh2 1/2-1/2

[Event "IsBank TCh-TUR"]
[Site "Konya TUR"]
[Date "2010.06.30"]
[Round "3"]
[White "Yeke,S"]
[Black "Galkin,A"]
[Result "0-1"]
[WhiteElo "2321"]
[BlackElo "2597"]
[EventDate "2010.06.29"]

1. Nf3 d5 2. d4 c6 3. c4 e6 4. Nbd2 f5 5. g3 Nf6 6. Bg2 Bd6 7. O-O O-O 8.
Ne5 Qe7 9. Nd3 b6 10. Qc2 a5 11. Nf3 Ba6 12. b3 Nbd7 13. Nfe5 Rac8 14. Qb2
Rfd8 15. a3 c5 16. Nxd7 Rxd7 17. dxc5 bxc5 18. cxd5 exd5 19. Bf4 Bxd3 20.
exd3 Bxf4 21. gxf4 Nh5 22. Rfe1 Qd6 23. Bf3 Nxf4 24. Qd2 d4 25. Rac1 Rf8
26. b4 axb4 27. axb4 cxb4 28. Rc6 Qb8 29. Rc4 Nh3+ 30. Kg2 Qf4 31. Qe2 Rd6
32. Kxh3 Qg5 33. Rc6 Qh6+ 34. Kg2 Rxc6 35. Bd5+ Kh8 36. Qe7 Rcf6 37. Qxb4
Qf4 38. Re6 h6 39. Qe7 Qg5+ 40. Kf1 f4 41. Bf3 Qf5 42. Re4 Qh3+ 0-1

[Event "IsBank TCh-TUR"]
[Site "Konya TUR"]
[Date "2010.06.30"]
[Round "3"]
[White "Guramishvili,S"]
[Black "Topel,Z"]
[Result "1-0"]
[WhiteElo "2289"]
[BlackElo "2226"]
[EventDate "2010.06.29"]

1. Nf3 Nf6 2. c4 g6 3. b4 Bg7 4. Bb2 d6 5. d4 O-O 6. e3 c5 7. a3 cxd4 8.
exd4 d5 9. c5 Nc6 10. b5 Na5 11. Nbd2 Bg4 12. Be2 Nd7 13. Rc1 Rc8 14. Bc3
e5 15. O-O exd4 16. Bb4 Re8 17. Nxd4 Bxe2 18. Nxe2 Ne5 19. Ng3 Nac4 20.
Nxc4 Nxc4 21. Qa4 h5 22. Rfe1 h4 23. Nf1 Bd4 24. Rxe8+ Qxe8 25. Qd1 Bb2 26.
Rc2 Qe4 27. h3 Qd4 28. Qf3 a5 29. bxa6 bxa6 30. Nd2 Re8 31. Nxc4 dxc4 32.
c6 a5 33. Bxa5 Bxa3 34. Bc3 Bd6 35. g3 Qd3 36. Qf6 Qd1+ 37. Kg2 Qd5+ 38. f3
Be5 39. Bxe5 Rxe5 40. c7 Re8 41. Qxh4 c3 42. Qb4 Qd3 43. Qxc3 Re2+ 44. Rxe2
Qxc3 45. Re8+ Kg7 46. c8=Q Qd2+ 47. Kf1 Qd1+ 48. Kf2 Qd4+ 49. Re3 Qd2+ 50.
Re2 Qd4+ 51. Kg2 1-0

[Event "IsBank TCh-TUR"]
[Site "Konya TUR"]
[Date "2010.06.30"]
[Round "3"]
[White "Ataman,A"]
[Black "Salepci,O"]
[Result "1/2-1/2"]
[WhiteElo "2191"]
[BlackElo "2130"]
[EventDate "2010.06.29"]

1. d4 Nf6 2. c4 e6 3. Nc3 c5 4. d5 exd5 5. cxd5 d6 6. Nf3 a6 7. a4 g6 8.
Bf4 Bg7 9. e3 O-O 10. Be2 Bg4 11. O-O Qc7 12. h3 Bxf3 13. Bxf3 Nbd7 14. Rc1
Rfe8 15. b4 Rac8 16. e4 Qb8 17. b5 a5 18. b6 Nxb6 19. Qb3 Nfd7 20. Qb5 Qc7
21. Qxa5 Ra8 22. Qb5 Bxc3 23. Rxc3 Rxa4 24. Rb1 Nxd5 25. Rxc5 Nxc5 26.
Qxe8+ Kg7 27. Bh6+ Kxh6 28. Qf8+ Kg5 29. exd5 Nd3 30. Rd1 Ne5 31. Be2 Qc2
32. Re1 Qd2 33. Kf1 Rf4 34. Qd8+ f6 35. Qb6 Qxd5 36. Qe3 Qd4 37. Qg3+ Kh6
38. Rd1 Qb4 39. Qe3 1/2-1/2

[Event "IsBank TCh-TUR"]
[Site "Konya TUR"]
[Date "2010.06.30"]
[Round "3"]
[White "Asan,E"]
[Black "Morgul,E"]
[Result "0-1"]
[WhiteElo "1796"]
[BlackElo "1718"]
[EventDate "2010.06.29"]

1. e4 c6 2. d4 d5 3. Nc3 dxe4 4. Nxe4 Bf5 5. Ng3 Bg6 6. h4 h6 7. Nf3 Nd7 8.
h5 Bh7 9. Bd3 Bxd3 10. Qxd3 e6 11. Bf4 Qa5+ 12. Bd2 Qc7 13. O-O-O Ngf6 14.
Ne4 O-O-O 15. Nxf6 Nxf6 16. Qb3 Ne4 17. Be3 Bd6 18. Kb1 Bf4 19. Rhe1 Bxe3
20. Qxe3 Nf6 21. Ne5 Nxh5 22. Rd3 Rhe8 23. Ra3 a6 24. c4 Nf6 25. Rd3 Re7
26. Qh3 Nd7 27. f4 Nxe5 28. fxe5 Red7 29. d5 Qa5 30. Red1 cxd5 31. cxd5 Kb8
32. dxe6 Rxd3 33. Rxd3 Qe1+ 34. Kc2 Qe2+ 35. Kc3 Qxe5+ 36. Kc2 Rxd3 37.
Qxd3 fxe6 38. Qc4 Qf5+ 39. Kc1 Qg5+ 40. Kb1 e5 41. Qe4 Qg3 42. Kc2 h5 43.
Qd5 h4 44. a3 g5 45. Qd8+ Ka7 46. Qd5 Qf2+ 47. Kb1 Qe3 48. Qc4 e4 49. Kc2
g4 50. Qf1 Qd3+ 0-1

[Event "IsBank TCh-TUR"]
[Site "Konya TUR"]
[Date "2010.06.30"]
[Round "3"]
[White "Komut,K"]
[Black "Asikuzun,B"]
[Result "1-0"]
[WhiteElo "1937"]
[BlackElo "1836"]
[EventDate "2010.06.29"]

1. e4 c5 2. Nf3 Nc6 3. d4 cxd4 4. Nxd4 Nf6 5. Nc3 e5 6. Ndb5 d6 7. Nd5 Nxd5
8. exd5 Nb8 9. c4 Be7 10. Be2 O-O 11. O-O a6 12. Nc3 f5 13. Be3 Nd7 14. f3
Bf6 15. Qc2 g6 16. b4 b6 17. Rac1 Bb7 18. Rfd1 Rc8 19. Qb3 Bg5 20. Na4
Bxe3+ 21. Qxe3 Qc7 22. a3 Kg7 23. Qc3 g5 24. Qe3 h6 25. Bd3 Rf6 26. Rc2 Kf8
27. Rdc1 Qd8 28. Rc3 Rf7 29. c5 bxc5 30. bxc5 dxc5 31. Nxc5 Nxc5 32. Rxc5
Rxc5 33. Qxc5+ Kg7 34. d6 Qf6 35. Bc4 Rd7 36. Rd1 e4 37. fxe4 fxe4 38. Bb3
Qb2 39. Qc4 Qe5 40. Qg8+ Kf6 41. Rf1+ 1-0

[Event "IsBank TCh-TUR"]
[Site "Konya TUR"]
[Date "2010.06.30"]
[Round "3"]
[White "Ozturk,H"]
[Black "Bal,Sevgican"]
[Result "1-0"]
[WhiteElo "1671"]
[BlackElo "1609"]
[EventDate "2010.06.29"]

1. e4 c5 2. c3 d6 3. d4 cxd4 4. cxd4 Nc6 5. Nf3 Nf6 6. Nc3 g6 7. Be3 Bg7 8.
Bc4 O-O 9. h3 Bd7 10. O-O Rc8 11. Be2 Na5 12. Nd2 a6 13. f4 Qb6 14. Rb1 Be6
15. Bf2 Bc4 16. Nxc4 Nxc4 17. e5 Nd7 18. Qa4 Nd2 19. Qxd7 Nxf1 20. Na4 Qb4
21. Bxf1 b5 22. Nb6 Rc2 23. Nd5 Qa5 24. a3 dxe5 25. Nxe7+ Kh8 26. fxe5 Qd2
27. Bg3 Qe3+ 28. Kh2 Rd2 29. Nc6 Qe4 30. Re1 Qc2 31. Bf4 Rf2 32. Bg3 Rd2
33. Bf4 Rf2 34. Be3 Rf5 35. d5 Qxb2 36. Bc5 Rg8 37. e6 fxe6 38. Qxe6 Qd2
39. Ne7 Qf4+ 40. Kh1 1-0

[Event "IsBank TCh-TUR"]
[Site "Konya TUR"]
[Date "2010.06.30"]
[Round "3"]
[White "Menzi,N"]
[Black "Vatansever,Buse"]
[Result "1/2-1/2"]
[WhiteElo "1851"]
[BlackElo "1547"]
[EventDate "2010.06.29"]

1. e4 c6 2. d4 d5 3. Nc3 dxe4 4. Nxe4 Bf5 5. Ng3 Bg6 6. h4 h6 7. Nf3 Nd7 8.
h5 Bh7 9. Bd3 Bxd3 10. Qxd3 Ngf6 11. Bd2 Qc7 12. O-O-O e6 13. Qe2 O-O-O 14.
Ne5 Nb6 15. Ba5 Bd6 16. Bxb6 axb6 17. Rhe1 Qe7 18. Kb1 Kc7 19. Ne4 Nxe4 20.
Qxe4 Ra8 21. c4 Ra5 22. c5 bxc5 23. Nc4 Ra6 24. Nxd6 Qxd6 25. dxc5 Qxc5 26.
Qf4+ Kb6 27. Qxf7 Rf8 28. Qxg7 Rxf2 29. Qd4 Qxd4 30. Rxd4 Ra5 31. g4 Rb5
32. b3 Rd5 33. Ree4 Rc5 34. Rc4 Rd5 35. Rcd4 Rc5 36. Rb4+ Kc7 37. Rxe6 Rd5
38. Rc4 Rd1+ 39. Rc1 Rdd2 40. Rce1 Rb2+ 41. Ka1 Rxa2+ 42. Kb1 Rab2+ 43. Ka1
Ra2+ 44. Kb1 Rfb2+ 45. Kc1 Rg2 46. Kb1 1/2-1/2

[Event "IsBank TCh-TUR"]
[Site "Konya TUR"]
[Date "2010.06.30"]
[Round "3"]
[White "Ali Marandi,C"]
[Black "Yuksel,A"]
[Result "0-1"]
[WhiteElo "2105"]
[BlackElo "1975"]
[EventDate "2010.06.29"]

1. e4 c5 2. Nf3 Nc6 3. c3 d5 4. exd5 Qxd5 5. d4 Bg4 6. Be2 cxd4 7. cxd4 e6
8. Nc3 Qa5 9. h3 Bh5 10. d5 exd5 11. Nd4 Bxe2 12. Nxc6 Qxc3+ 13. Kxe2 Qxc6
14. Re1 Bb4 15. Bd2 Bxd2 16. Kxd2+ Ne7 17. Qe2 Qd6 18. Rac1 Qb4+ 19. Kc2
Rc8+ 20. Kb1 Rxc1+ 21. Rxc1 O-O 22. f3 Nc6 0-1

[Event "IsBank TCh-TUR"]
[Site "Konya TUR"]
[Date "2010.06.30"]
[Round "3"]
[White "Sop,S"]
[Black "Isparta,Sevim"]
[Result "1-0"]
[WhiteElo "1963"]
[BlackElo "1605"]
[EventDate "2010.06.29"]

1. e4 e5 2. Nf3 Nc6 3. Bb5 a6 4. Bxc6 dxc6 5. O-O Qd6 6. d4 exd4 7. Nxd4
Bd7 8. Nb3 Qg6 9. Qe2 O-O-O 10. Nc3 h5 11. Be3 c5 12. Bxc5 Nh6 13. Bxf8
Rhxf8 14. Nd5 Rfe8 15. f3 f5 16. Qc4 Bc6 17. Qc5 Bxd5 18. exd5 Nf7 19. Rad1
Kb8 20. Nd4 Ng5 21. Kh1 h4 22. h3 Rd6 23. c4 Red8 24. Qb4 Nxh3 25. gxh3 Qg3
26. Qd2 Qxh3+ 27. Qh2 Qxh2+ 28. Kxh2 Rf8 29. Rg1 g6 30. Ne6 Rf6 31. Kh3 Rd7
32. Kxh4 1-0

[Event "IsBank TCh-TUR"]
[Site "Konya TUR"]
[Date "2010.06.30"]
[Round "3"]
[White "Kerigan,D"]
[Black "Coban,Met"]
[Result "1/2-1/2"]
[WhiteElo "2126"]
[BlackElo "1919"]
[EventDate "2010.06.29"]

1. e4 c5 2. Nc3 Nc6 3. d3 g6 4. g3 Bg7 5. Bg2 d6 6. Be3 Rb8 7. Qd2 b5 8.
Nf3 Nd4 9. O-O b4 10. Nd1 h6 11. c3 bxc3 12. bxc3 Nxf3+ 13. Bxf3 Qa5 14.
Re1 e6 15. Bg2 Ba6 16. d4 c4 17. d5 Qc7 18. dxe6 fxe6 19. Qc2 Ne7 20. Qa4+
Qc6 21. Qxc6+ Nxc6 22. e5 d5 23. f4 O-O 24. Bc5 Rf7 25. Ne3 Bf8 26. Bxf8
Kxf8 27. Re2 Ne7 28. Bh3 Bc8 29. Rf1 h5 30. Rff2 Ng8 31. Rb2 Rfb7 32. Rxb7
Rxb7 33. Nxd5 exd5 34. Bxc8 Rb1+ 35. Rf1 Rb2 36. Be6 Ne7 37. Rd1 Rxa2 38.
Bxd5 Nxd5 39. Rxd5 Ra3 40. Rc5 Rxc3 41. Ra5 Rc2 42. Rxa7 c3 43. Rc7 Ke8 44.
e6 Kd8 45. e7+ Ke8 46. h3 Kf7 47. g4 hxg4 48. hxg4 Rd2 49. Rxc3 Kxe7 50.
Rf3 Kf6 51. Rf2 Rd4 52. Kg2 g5 53. Kg3 1/2-1/2

[Event "IsBank TCh-TUR"]
[Site "Konya TUR"]
[Date "2010.06.30"]
[Round "3"]
[White "Aydogdu,A"]
[Black "Haznedaroglu,K"]
[Result "0-1"]
[WhiteElo "2083"]
[BlackElo "2501"]
[EventDate "2010.06.29"]

1. d4 Nf6 2. Nf3 c5 3. d5 b5 4. e3 Bb7 5. c4 d6 6. a4 b4 7. Bd3 g6 8. b3
Bg7 9. Bb2 O-O 10. O-O e5 11. Nbd2 Nh5 12. e4 Nd7 13. g3 Qe7 14. Nh4 Bc8
15. Nf5 gxf5 16. Qxh5 Nf6 17. Qh4 f4 18. Kh1 Re8 19. gxf4 Nxd5 20. Qxe7
Nxe7 21. f5 Bh6 22. Rg1+ Kf8 23. Nf1 Bb7 24. Ng3 Nc6 25. Rad1 Ke7 26. Be2
Na5 27. Rd3 f6 28. Rgd1 Rad8 29. Bf3 Bc6 30. Ra1 Rg8 31. Nf1 Rg4 32. Ng3
Rh4 33. Bc1 Bf4 34. Bxf4 exf4 35. Nf1 Bb7 36. Nd2 Nc6 37. Bg2 Ne5 38. Rh3
Rxh3 39. Bxh3 f3 40. Rg1 Kf8 41. Bf1 Re8 42. Rg3 Nf7 43. Rxf3 Ng5 44. Re3
Nxe4 45. Nxe4 Rxe4 46. Bg2 Rxe3 47. fxe3 Bxg2+ 48. Kxg2 d5 0-1

[Event "IsBank TCh-TUR"]
[Site "Konya TUR"]
[Date "2010.06.30"]
[Round "3"]
[White "Erdogdu,M"]
[Black "Ergonen,A"]
[Result "1-0"]
[WhiteElo "2458"]
[BlackElo "1995"]
[EventDate "2010.06.29"]

1. e4 d5 2. exd5 Qxd5 3. Nc3 Qa5 4. d4 Nf6 5. Nf3 c6 6. Bc4 Bf5 7. Ne5 e6
8. g4 Bg6 9. h4 Nbd7 10. Nxd7 Nxd7 11. h5 Be4 12. Rh3 Bd5 13. Bd3 O-O-O 14.
Bd2 Qc7 15. Qe2 Bd6 16. Nxd5 exd5 17. O-O-O Rhe8 18. Qf3 Nf8 19. g5 g6 20.
Qg4+ Qd7 21. Qxd7+ Rxd7 22. Rf3 Ne6 23. c3 Ng7 24. hxg6 fxg6 25. Rh1 Ne6
26. Rf6 Rde7 27. f4 Kc7 28. Kc2 c5 29. f5 gxf5 30. Bxf5 Nf8 31. dxc5 Be5
32. Rfh6 Rf7 33. Bxh7 Rf2 34. Re1 Rxd2+ 35. Kxd2 Bf4+ 36. Kd1 Rxe1+ 37.
Kxe1 Bxg5 38. Rh5 Nxh7 39. Rxh7+ Kc6 40. Ke2 a5 41. Kd3 a4 42. Rf7 Bc1 43.
b4 axb3 44. axb3 Kxc5 45. Rxb7 Bg5 46. Rf7 Bd8 47. Rf5 Kc6 48. Rh5 Kd6 49.
Rh6+ Ke5 50. b4 1-0

[Event "IsBank TCh-TUR"]
[Site "Konya TUR"]
[Date "2010.06.30"]
[Round "3"]
[White "Drozdovskij,Y"]
[Black "Miroshnichenko,E"]
[Result "1/2-1/2"]
[WhiteElo "2625"]
[BlackElo "2684"]
[EventDate "2010.06.29"]

1. d4 Nf6 2. c4 e6 3. Nc3 Bb4 4. e3 O-O 5. Nge2 d5 6. a3 Be7 7. Nf4 c6 8.
Bd3 Nbd7 9. O-O dxc4 10. Bxc4 Nb6 11. Bb3 c5 12. dxc5 Bxc5 13. Nd3 Be7 14.
e4 Bd7 15. Be3 Rc8 16. Ne5 Qc7 17. Nxd7 Nfxd7 18. Qe2 a6 19. Rfd1 Bc5 20.
Bxc5 Nxc5 21. Ba2 Nca4 22. Nxa4 Nxa4 23. Bb3 Nc5 24. Ba2 Rfd8 25. e5 Rxd1+
26. Rxd1 Rd8 27. Rc1 Qb6 28. Bc4 Nb3 29. Bxb3 Qxb3 30. g3 g6 31. h4 1/2-1/2